000 00681nam a2200205 4500
001 116045
003 ES-MaACL
005 20250831063038.0
007 t|
008 061121s1965 mx r ||||1| spa d
100 1 _aParias, Louis-Henri
_989119
245 1 0 _aHistoria general del trabajo /
_cDirigida por Louis-Henri Parias ; epílogo de André Aymard ; [traducido por Joaquín Romeró Maura].
250 _a[1ª ed.].
260 _aMéxico [etc.] :
_bGrijalbo,
_c1965.
300 _a4 v. ;
_c26 cm.
700 1 _aAymar, M. Andre.
_924170
700 1 _aRomero Maura, Joaquín,
_d1940-
_999412
852 _aES-MaACL
_jC-27313-6
_bR.56313
999 _c116045
_d116045